000 01472cam a2200421Mi 4500
001 ocn847832072
003 OCoLC
005 20220330143927.0
008 130603s2013 sw b 001 0 eng
040 _aAU@
_beng
_cAU@
_dOCLCF
_dOCLCO
_dOCLCQ
_dOCLCA
020 _a9781780321639
020 _a1780321635
029 0 _aAU@
_b000051537784
035 _a(OCoLC)847832072
043 _af-cg---
049 _aTZAA
100 1 _aBaaz, Maria Eriksson.
245 1 0 _aSexual violence as a weapon of war :
_bperceptions, prescriptions, problems in the Congo and beyond /
_cMaria Eriksson Baaz and Maria Stern.
260 _aUppsala, Sweden :
_bNordic Africa Institute,
_c2013.
300 _a157 pages ;
_c24 cm
336 _atext
_btxt
_2rdacontent
337 _aunmediated
_bn
_2rdamedia
338 _avolume
_bnc
_2rdacarrier
504 _aIncludes bibliographical references and index.
650 0 _aSex crimes
_zCongo (Democratic Republic)
650 0 _aSex crimes.
650 0 _aMilitary art and science
_zCongo (Democratic Republic)
650 0 _aRape
_zCongo (Democratic Republic)
650 0 _aRape.
650 0 _aMilitary art and science.
650 7 _aMilitary art and science.
_2fast
_0(OCoLC)fst01020874
650 7 _aRape.
_2fast
_0(OCoLC)fst01089970
650 7 _aSex crimes.
_2fast
_0(OCoLC)fst01114275
651 7 _aCongo (Democratic Republic)
_2fast
_0(OCoLC)fst01208723
700 1 _aStern, Maria.
830 0 _aAfrica now.
994 _aC0
_bTZACH
999 _c6706
_d6706